Movies where Matt Damon is in Space - Statistics

General Stats
  • This quiz has been taken 51 times
  • The average score is 4 of 6
Answer Stats
Year Hint Movie % Correct
2014 Astronauts attempt to travel though a wormhole. Matt Damon also shows up. Interstellar
95%
2015 Man tries to survive alone in Mars The Martian
89%
2017 Matt Damon cameos as a Loki actor in a play set in planet Asgard Thor: Ragnarok
57%
2022 Matt Damon cameos as a Loki actor in a play set in planet Asgard Thor: Love and Thunder
50%
2013 The poor live on Earth while the wealthy live in a luxurious artificial world Elysium
45%
2000 Animated movie about a young man trying to save humanity Titan A.E.
14%
No matching quizzes found
Score Distribution
Percent of People with Each Score
Percentile by Number Answered
Your Score History
You have not taken this quiz